000 00518nam a2200193Ia 4500
003 GCL
008 140319s9999 xx 000 0 ara d
040 _aGCL /
_cGCL
082 0 4 _a813.08
_bم ص
100 1 _aمصطفى امين
245 1 0 _aصاحب الجلالة الحب /
_cمصطفى امين
260 _a[S.N] :
_bدار الجيل ،
_c1991
300 _a764 ص
490 _a
650 0 4 _aالقصص العربية
650 0 4 _aالقصص الواقعية
650 0 4 _aمصر
942 _2ddc
_cBK
999 _c54824
_d54824